La broma / (Record no. 124390)

MARC details
000 -LEADER
campo de control de longitud fija 02278cam a2200457 a 4500
001 - NÚMERO DE CONTROL
campo de control 4855407
003 - IDENTIFICADOR DE NÚMERO DE CONTROL
campo de control BJBSDDR
005 - FECHA Y HORA DE LA ÚLTIMA TRANSACCIÓN
campo de control 20250815155157.0
007 - CAMPO FIJO DE DESCRIPCIÓN FÍSICA--INFORMACIÓN GENERAL
campo de control de longitud fija ta
008 - DATOS DE LONGITUD FIJA--INFORMACIÓN GENERAL
campo de control de longitud fija 910110s2022 sp 000 1 spa
010 ## - NÚMERO DE CONTROL DE LA BIBLIOTECA DEL CONGRESO
Número de control de LC 91103562
020 ## - NÚMERO INTERNACIONAL ESTÁNDAR DEL LIBRO
Número Internacional Estándar del Libro 9788483834039
035 ## - NÚMERO DE CONTROL DEL SISTEMA
Número de control de sistema 4855407
040 ## - FUENTE DE CATALOGACIÓN
Centro catalogador/agencia de origen DLC
Centro/agencia transcriptor DLC
Centro/agencia modificador DLC
-- OCoLC
Lengua de catalogación spa
041 ## - CÓDIGO DE IDIOMA
Código de lengua del texto/banda sonora o título independiente spa
Código de lengua original cze
050 14 - SIGNATURA TOPOGRÁFICA DE LA BIBLIOTECA DEL CONGRESO
Número de clasificación PG 5039.21
Número de ítem K96b 2022
100 1# - ENTRADA PRINCIPAL--NOMBRE DE PERSONA
Nombre de persona Kundera, Milan,
Fechas asociadas al nombre 1929-2023
9 (RLIN) 35105
240 10 - TÍTULO UNIFORME
Título uniforme Žert.
Lenguaje de la obra Español
245 13 - MENCIÓN DEL TÍTULO
Título La broma /
Mención de responsabilidad, etc. Milan Kundera ; traducción de Fernando de Valenzuela.
250 ## - MENCION DE EDICION
Mención de edición 3a edición
260 ## - PUBLICACIÓN, DISTRIBUCIÓN, ETC.
Lugar de publicación, distribución, etc. Barcelona :
Nombre del editor, distribuidor, etc. Tusquets Editores,
Fecha de publicación, distribución, etc. 2022.
300 ## - DESCRIPCIÓN FÍSICA
Extensión 325 páginas ;
Dimensiones 23 cm.
336 ## - TIPO DE CONTENIDO
Término de tipo de contenido text
Código de tipo de contenido txt
Fuente rdacontent
337 ## - TIPO DE MEDIO
Nombre/término del tipo de medio unmediated
Código del tipo de medio n
Fuente rdamedia
338 ## - TIPO DE SOPORTE
Nombre/término del tipo de soporte volume
Código del tipo de soporte nc
Fuente rdacarrier
490 1# - MENCIÓN DE SERIE
Mención de serie Andanzas
520 ## - RESUMEN, ETC.
Sumario, etc. Ludvik Jahn, joven estudiante universitario y activo miembro del Partido Comunista checo, envía a una compañera de clase una postal en la que se burla del optimismo ideológico imperante. La broma no les hace la menor gracia a los dirigentes universitarios y, tras un juicio sumario, expulsan a Ludvik de la universidad y del Partido. Pero, paradójicamente, al caer en desgracia, se abre para Ludvik un mundo aún desconocido. Atrapado entre dos amores, el de Lucie, tierno y desesperado, y el de Helena, apasionado y cínico, Ludvik va, sin embargo, de tropiezo en tropiezo, transformando su vida en un cúmulo de situaciones a cual más grotesca y risible. De hecho, con el paso del tiempo, la vida de Ludvik se convertirá en una enorme broma pesada: ya no podrá culpar al destino, porque ya no puede sino culparse a sí mismo.
650 #0 - PUNTO DE ACCESO ADICIONAL DE MATERIA--TÉRMINO DE MATERIA
Término de materia o nombre geográfico como elemento de entrada Irony
Subdivisión general Fiction.
650 #4 - PUNTO DE ACCESO ADICIONAL DE MATERIA--TÉRMINO DE MATERIA
Término de materia o nombre geográfico como elemento de entrada Novela checoslovaca
9 (RLIN) 44312
650 #4 - PUNTO DE ACCESO ADICIONAL DE MATERIA--TÉRMINO DE MATERIA
Término de materia o nombre geográfico como elemento de entrada Humorismo
Subdivisión de forma Novela
9 (RLIN) 44311
650 #4 - PUNTO DE ACCESO ADICIONAL DE MATERIA--TÉRMINO DE MATERIA
Término de materia o nombre geográfico como elemento de entrada Ironía
Subdivisión de forma Novela
9 (RLIN) 44313
655 #7 - TERMINO DE INDIZACIÓN--GENERO/FORMA
Datos o término principal de género/forma Political fiction.
Fuente del término lcsh
655 #7 - TERMINO DE INDIZACIÓN--GENERO/FORMA
Datos o término principal de género/forma Didactic fiction.
Fuente del término gsafd
700 1# - ENTRADA AGREGADA--NOMBRE PERSONAL
Nombre de persona Valenzuela Villaverde, Fernando de,
Fechas asociadas al nombre 1947-
9 (RLIN) 35106
Término indicativo de función/relación traductor
830 #0 - PUNTO DE ACCESO ADICIONAL DE SERIE-TÍTULO UNIFORME
Título uniforme Colección Andanzas ;
9 (RLIN) 20470
Designación de volumen o secuencia 781
906 ## - ELEMENTOS DE DATOS F LOCAL, LDF (RLIN)
a 7
b cbc
c orignew
d 3
e ncip
f 19
g y-gencatlg
942 ## - ELEMENTOS DE ENTRADA SECUNDARIOS (KOHA)
Fuente del sistema de clasificación o colocación Clasificación de Library of Congress
Tipo de ítem Koha Libro
946 ## - PROCESAMIENTO DE INFORMACIÓN LOCAL (OCLC)
Iniciales del agente catalogador rmza
Holdings
Estatus retirado Estado de pérdida Fuente del sistema de clasificación o colocación Estado de daño No para préstamo Colección Biblioteca de origen Biblioteca actual Ubicación en estantería Fecha de adquisición Signatura topográfica completa Código de barras Visto por última vez Copia número Tipo de ítem Koha
    Clasificación de Library of Congress     Humanidades Biblioteca Juan Bosch Biblioteca Juan Bosch Humanidades (4to. Piso) 23/07/2025 PG 5039.21 K96b 2022 00000195244 23/07/2025 1 Libro